|
|
|
|
| LEADER |
01187nam a2200337 4500 |
| 001 |
33665 |
| 003 |
BD-DhAAL |
| 005 |
20230525141130.0 |
| 008 |
180816t1971 ilu b 000 0 eng |
| 020 |
|
|
|a 0226757765
|
| 020 |
|
|
|a 0226757757
|
| 020 |
|
|
|a 9780226757766
|
| 035 |
|
|
|a 1050601
|
| 040 |
|
|
|a LC
|b eng
|c LC
|d VU
|d QSCUC
|d BD-DhAAL
|
| 041 |
1 |
|
|a eng
|
| 050 |
0 |
0 |
|a HM51
|b .S537 1971
|
| 082 |
0 |
4 |
|a 302
|2 20
|
| 100 |
1 |
|
|a Simmel, Georg,
|d 1858-1918.
|9 27990
|
| 245 |
1 |
0 |
|a On individuality and social forms :
|b selected writings /
|c Georg Simmel ; edited and with an introduction by Donald N. Levine.
|
| 260 |
|
|
|a Chicago :
|b University of Chicago Press,
|c c1971.
|
| 300 |
|
|
|a lxv, 395 pages ;
|c 21 cm.
|
| 490 |
0 |
|
|a The Heritage of sociology
|
| 504 |
|
|
|a Bibliography: page 395.
|
| 526 |
|
|
|a ARC
|
| 541 |
|
|
|a Trim Education
|e 33665
|
| 650 |
|
0 |
|a Sociology.
|9 27991
|
| 650 |
|
0 |
|a Social psychology.
|9 27992
|
| 852 |
|
|
|a Ayesha Abed Library
|c General Stacks
|
| 942 |
|
|
|2 ddc
|c BK
|
| 999 |
|
|
|c 39535
|d 39535
|
| 952 |
|
|
|0 0
|1 0
|2 ddc
|4 0
|6 302_000000000000000_SIM
|7 0
|9 64219
|a BRACUL
|b BRACUL
|c GEN
|d 2018-08-06
|e 1
|g 2695.00
|l 1
|m 1
|o 302 SIM
|p 3010033665
|r 2020-12-01
|s 2020-03-11
|t 1
|v 2695.00
|w 2018-08-06
|y BK
|